Real world careers : (Record no. 126586)

MARC details
000 -LEADER
campo de control de longitud fija 02223cam a2200505 a 4500
001 - NÚMERO DE CONTROL
campo de control 14409576
003 - IDENTIFICADOR DE NÚMERO DE CONTROL
campo de control BJBSDDR
005 - FECHA Y HORA DE LA ÚLTIMA TRANSACCIÓN
campo de control 20260325160757.0
007 - CAMPO FIJO DE DESCRIPCIÓN FÍSICA--INFORMACIÓN GENERAL
campo de control de longitud fija ta
008 - DATOS DE LONGITUD FIJA--INFORMACIÓN GENERAL
campo de control de longitud fija 060612s2007 nyu b 001 0 eng
010 ## - NÚMERO DE CONTROL DE LA BIBLIOTECA DEL CONGRESO
Número de control de LC 2006019164
015 ## - NÚMERO DE BIBLIOGRAFÍA NACIONAL
Número de bibliografía nacional GBA687775
Fuente bnb
016 7# - NÚMERO DE CONTROL DE UNA AGENCIA BIBLIOGRÁFICA NACIONAL
Número de control del registro 013578244
Fuente Uk
020 ## - NÚMERO INTERNACIONAL ESTÁNDAR DEL LIBRO
Número Internacional Estándar del Libro 0446698032
020 ## - NÚMERO INTERNACIONAL ESTÁNDAR DEL LIBRO
Número Internacional Estándar del Libro 9780446698030
035 ## - NÚMERO DE CONTROL DEL SISTEMA
Número de control de sistema 14409576
035 ## - NÚMERO DE CONTROL DEL SISTEMA
Número de control de sistema (OCoLC)70107067
040 ## - FUENTE DE CATALOGACIÓN
Centro catalogador/agencia de origen DLC
Centro/agencia transcriptor DLC
Centro/agencia modificador YDX
-- BAKER
-- UKM
-- BTCTA
-- YDXCP
-- VP@
-- GK8
-- DLC
Lengua de catalogación eng
041 ## - CÓDIGO DE IDIOMA
Código de lengua del texto/banda sonora o título independiente eng
050 14 - SIGNATURA TOPOGRÁFICA DE LA BIBLIOTECA DEL CONGRESO
Número de clasificación HF 5381
Número de ítem C971r 2007
082 00 - NÚMERO DE LA CLASIFICACIÓN DECIMAL DEWEY
Número de clasificación 650.14
100 1# - ENTRADA PRINCIPAL--NOMBRE DE PERSONA
Nombre de persona Cummings, Betsy
9 (RLIN) 47524
245 10 - MENCIÓN DEL TÍTULO
Título Real world careers :
Resto del título why college is not the only path to becoming rich /
Mención de responsabilidad, etc. Betsy Cummings.
250 ## - MENCION DE EDICION
Mención de edición 1st ed.
260 ## - PUBLICACIÓN, DISTRIBUCIÓN, ETC.
Lugar de publicación, distribución, etc. New York :
Nombre del editor, distribuidor, etc. Warner Business Books,
Fecha de publicación, distribución, etc. 2007.
300 ## - DESCRIPCIÓN FÍSICA
Extensión xxi, 198 pages ;
Dimensiones 23 cm.
336 ## - TIPO DE CONTENIDO
Término de tipo de contenido text
Código de tipo de contenido txt
Fuente rdacontent
337 ## - TIPO DE MEDIO
Nombre/término del tipo de medio unmediated
Código del tipo de medio n
Fuente rdamedia
338 ## - TIPO DE SOPORTE
Nombre/término del tipo de soporte volume
Código del tipo de soporte nc
Fuente rdacarrier
504 ## - NOTA DE BIBLIOGRAFÍA, ETC.
Nota de bibliografía, etc. Includes bibliographical references (pages 185-186) and index.
505 0# - NOTA DE CONTENIDO CON FORMATO
Nota de contenido con formato Why college makes no sense -- A different route -- Where to start? -- Jobs with freedom -- Entrepreneurship without an MBA -- Fields to consider -- The blue collar boom -- Proving your worth without a degree.
520 ## - RESUMEN, ETC.
Sumario, etc. Betsy Cummings offers careers advice for capable people who chose not to attend college, but go immediately into the 'real world'. She talks up the benefits of getting into a good job early, jumpstarting their earnings potential & stealing a march on their rivals.
650 #0 - PUNTO DE ACCESO ADICIONAL DE MATERIA--TÉRMINO DE MATERIA
Término de materia o nombre geográfico como elemento de entrada Career development.
650 #4 - PUNTO DE ACCESO ADICIONAL DE MATERIA--TÉRMINO DE MATERIA
Término de materia o nombre geográfico como elemento de entrada Desarrollo profesional
9 (RLIN) 677
650 #0 - PUNTO DE ACCESO ADICIONAL DE MATERIA--TÉRMINO DE MATERIA
Término de materia o nombre geográfico como elemento de entrada Vocational guidance.
650 #4 - PUNTO DE ACCESO ADICIONAL DE MATERIA--TÉRMINO DE MATERIA
Término de materia o nombre geográfico como elemento de entrada Orientación vocacional
9 (RLIN) 15270
650 #0 - PUNTO DE ACCESO ADICIONAL DE MATERIA--TÉRMINO DE MATERIA
Término de materia o nombre geográfico como elemento de entrada Success in business.
650 #4 - PUNTO DE ACCESO ADICIONAL DE MATERIA--TÉRMINO DE MATERIA
Término de materia o nombre geográfico como elemento de entrada Éxito en los negocios
9 (RLIN) 160
856 41 - LOCALIZACIÓN Y ACCESO ELECTRÓNICOS
Materiales especificados Table of contents only
Identificador Uniforme de Recursos <a href="http://www.loc.gov/catdir/toc/ecip0615/2006019164.html">http://www.loc.gov/catdir/toc/ecip0615/2006019164.html</a>
856 42 - LOCALIZACIÓN Y ACCESO ELECTRÓNICOS
Materiales especificados Publisher description
Identificador Uniforme de Recursos <a href="http://www.loc.gov/catdir/enhancements/fy0914/2006019164-d.html">http://www.loc.gov/catdir/enhancements/fy0914/2006019164-d.html</a>
906 ## - ELEMENTOS DE DATOS F LOCAL, LDF (RLIN)
a 7
b cbc
c orignew
d 1
e ecip
f 20
g y-gencatlg
942 ## - ELEMENTOS DE ENTRADA SECUNDARIOS (KOHA)
Fuente del sistema de clasificación o colocación Clasificación de Library of Congress
Tipo de ítem Koha Libro
Holdings
Estatus retirado Estado de pérdida Fuente del sistema de clasificación o colocación Estado de daño No para préstamo Colección Biblioteca de origen Biblioteca actual Ubicación en estantería Fecha de adquisición Total checkouts Signatura topográfica completa Código de barras Visto por última vez Copia número Precio de reemplazo Tipo de ítem Koha
    Clasificación de Library of Congress     Ciencias Sociales Biblioteca Juan Bosch Biblioteca Juan Bosch Ciencias Sociales (3er. Piso) 16/03/2026   HF 5381 C971r 2007 00000199012 16/03/2026 1 16/03/2026 Libro